[Event "Minsk Bronstein Memorial"]
[Site "Minsk"]
[Date "2025.02.15"]
[Round "2"]
[White "Astrovski, Roman"]
[Black "Novitzkij, Dmitrij"]
[Result "0-1"]
[WhiteElo "1625"]
[BlackElo "2224"]
[PlyCount "124"]
[EventDate "2025.02.15"]
[EventType "swiss (rapid)"]
[EventRounds "10"]
[EventCountry "BLR"]
[SourceTitle "CB09_2025"]
[SourceDate "2025.02.27"]
[SourceVersion "1"]
[SourceVersionDate "2025.02.27"]
[SourceQuality "1"]

1. Nf3 d5 2. d4 Nf6 3. e3 c5 4. b3 Nc6 5. Bb2 Bf5 6. Bd3 Bxd3 7. cxd3 e6 8. 0-0 cxd4 9. exd4 Bd6 10. Nc3 0-0 11. a3 Rc8 12. b4 a6 13. Na4 Qe7 14. Re1 a5 15. b5 Na7 16. Qb3 Nd7 17. Ne5 Bxe5 18. dxe5 Nc5 19. Nxc5 Qxc5 20. a4 Qb6 21. Rac1 Rfd8 22. d4 Nc6 23. Qe3 Ne7 24. Rxc8 Rxc8 25. Rc1 Rc4 26. g4 Qc7 27. Qa3 h5 28. Rxc4 dxc4 29. Qd6 Nd5 30. gxh5 Qxd6 31. exd6 Kf8 32. Kf1 Ke8 33. Ke2 Kd7 34. Ba3 Nc3+ 35. Kd2 Nxa4 36. Kc2 Nb6 37. Kc3 Nc8 38. Kxc4 b6 39. Kd3 Nxd6 40. f3 f5 41. Bb2 Nxb5 42. d5 exd5 43. Bxg7 Ke7 44. Be5 Kf7 45. Ke3 a4 46. Kf4 d4 47. Kxf5 d3 48. h6 d2 49. h7 d1Q 50. h8Q Qxf3+ 51. Kg5 Qe3+ 52. Bf4 Qg1+ 53. Bg3 Qc5+ 54. Be5 Ke6 55. Qe8+ Kd5 56. Bg3 a3 57. Qf7+ Ke4+ 58. Kg4 Nd4 59. Qh7+ Qf5+ 60. Qxf5+ Nxf5 61. Be1 Kd3 62. Kxf5 a2 0-1

[Event "BLR-ch sf"]
[Site "Minsk"]
[Date "2023.12.14"]
[Round "8"]
[White "Kakhno, Barys"]
[Black "Astrovski, Roman"]
[Result "1-0"]
[WhiteElo "1343"]
[BlackElo "1369"]
[PlyCount "65"]
[EventDate "2023.12.07"]
[EventType "swiss"]
[EventRounds "9"]
[EventCountry "BLR"]
[SourceTitle "CBM 217 Extra"]
[Source "ChessBase"]
[SourceDate "2024.01.31"]
[SourceVersion "1"]
[SourceVersionDate "2024.01.31"]
[SourceQuality "1"]

1. Nf3 Nf6 2. d4 d5 3. e3 e6 4. Bd3 c5 5. b3 Nc6 6. Bb2 Bd6 7. 0-0 0-0 8. Nbd2 Qc7 9. c4 b6 10. e4 dxe4 11. Nxe4 Nxe4 12. Bxe4 f5 13. Bxc6 Qxc6 14. d5 exd5 15. cxd5 Qc7 16. h4 Bd7 17. Ng5 h6 18. Ne6 Bxe6 19. dxe6 Rad8 20. Qh5 Kh7 21. Rad1 Qe7 22. Rfe1 b5 23. Be5 Bxe5 24. Rxd8 Qxd8 25. Rxe5 g6 26. Qf3 Qe7 27. h5 Rd8 28. hxg6+ Kg7 29. Qxf5 Rd1+ 30. Kh2 c4 31. Qf7+ Qxf7 32. gxf7 c3 33. e7 1-0